Countries where Star Wars Movies were filmed - Picture Quiz - Statistics

General Stats
  • This quiz has been taken 479 times
    245 since last reset
  • The average score is 9 of 16
Answer Stats
Picture Hint Answer % Correct
Endor Forest Moon
Return of the Jedi
United-States
Redwood National and State Parks, CA
99%
Naboo Royal Palace
The Phantom Menace
Italy
Palace of Caserta
84%
Tatooine, Lars Homestead
A New Hope
Tunisia
Chott el-Djerid and Hotel Sidi Idriss (interior)
77%
Naboo, City of Theed
Attack of the Clones
Spain
Plaza de España, Seville
75%
Takodana
The Force Awakens
United-Kingdom
Puzzlewood, Forest of Dean
75%
Hoth
The Empire Strikes Back
Norway
Finse and Hardangerjøkulen Glacier
74%
Kashyyyk
Revenge of the Sith
Thailand - Phang Nga Bay
China - Guilin
71%
Lah'mu
Rogue one
Iceland
Reynisfjara
62%
Ahch-To
The Last Jedi
Ireland
Skellig Michael
62%
Alderaan
Revenge of the Sith
Switzerland
Grindelwald
47%
Jedha
Rogue one
Jordan
Wadi Rum
46%
Jakku
The Force Awakens
United Arab Emirates
Rub' al Khali - Abu Dhabi Desert
38%
Crait
The Last Jedi
Bolivia
Salar de Uyuni
34%
Yavin 4 Massassi Outpost
A New Hope
Guatemala
Tikal National Park
34%
Canto Bight
The Last Jedi
Croatia
Dubrovnik
25%
Scarif
Rogue one
Maldives
Laamu Atoll
25%
No matching quizzes found
Score Distribution
Percent of People with Each Score
Percentile by Number Answered
Your Score History
You have not taken this quiz since the last reset